Emulación de procesos industriales con Netpoint
Zapisane w:
| 1. autor: | |
|---|---|
| Kolejni autorzy: | |
| Format: | Książka |
| Wydane: |
San José, Costa Rica
1998
|
| Hasła przedmiotowe: | |
| Etykiety: |
Dodaj etykietę
Nie ma etykietki, Dołącz pierwszą etykiete!
|
MARC
| LEADER | 00000nam a2200000Ia 4500 | ||
|---|---|---|---|
| 003 | 008311 | ||
| 005 | 20240109085835.0 | ||
| 008 | 140114s1998 cr a m 000 ||s d | ||
| 040 | |c cru CEDI | ||
| 090 | |a TFG 3951 | ||
| 100 | |a Mora Sánchez, Edgar |9 8773 | ||
| 245 | |a Emulación de procesos industriales con Netpoint | ||
| 260 | |a San José, Costa Rica |c 1998 | ||
| 300 | |a ix, 55 hojas : ilustraciones | ||
| 500 | |a Proyecto de graduación (bachillerato en ingeniería eléctrica)--Universidad de Costa Rica. Facultad de Ingeniería. Escuela de Ingeniería Eléctrica | ||
| 501 | |a Profesor Guía de Proyecto Eléctrico: Ing. Geovanny Delgado C | ||
| 650 | |x MICROCOMPUTADORAS |x CONTROL AUTOMATICO |x CONTROL DE PROCESOS |x AUTOMATIZACION |x APLICACIONES INDUSTRIALES |9 8774 | ||
| 700 | |a Geovanny Delgado Cascante, 19963- |d Director de Proyecto Eléctrico |9 2108 | ||
| 942 | |c TFG |h TFG 3951 |i 008311 |6 TFG_3951_008311000000000 | ||
| 999 | |c 18530 |d 18530 | ||
